El español coloquial
Saved in:
| Hovedforfatter: | |
|---|---|
| Format: | Bog |
| Sprog: | spansk |
| Udgivet: |
Madrid
Gredos
1968
|
| Udgivelse: | 2a. ed |
| Serier: | Biblioteca Románica Hispánica. Estudios y Ensayos, 2
|
| Fag: | |
| Tags: |
Tilføj Tag
Ingen Tags, Vær først til at tagge denne postø!
|
MARC
| LEADER | 00000nam a2200000 a 4500 | ||
|---|---|---|---|
| 001 | UCS6062 | ||
| 003 | CL-VaPUC | ||
| 008 | 970912e19680000SP |||||||||||||||||spa|d | ||
| 082 | 0 | 4 | |a 864 |b BEI |2 21 |
| 100 | 0 | |a Beinhauer, Werner |e author |9 391518 | |
| 245 | 1 | 3 | |a El español coloquial |
| 250 | |a 2a. ed | ||
| 300 | |a 459 p | ||
| 942 | |c BK | ||
| 945 | |d 19970912 00:00:00 |a rleighto | ||
| 260 | |a Madrid |b Gredos |c 1968 | ||
| 650 | 0 | |a Ensayos españoles |9 313128 | |
| 583 | |a last modification |c 19970912 00:00:00 |k Rodrigo Vera | ||
| 490 | 0 | |a Biblioteca Románica Hispánica. Estudios y Ensayos, 2 | |
| 999 | |c 262065 |d 262063 | ||
| 952 | |0 0 |1 0 |4 0 |6 864_000000000000000_BEI_1968 |7 0 |8 A |9 290236 |a BIBEDU |b BIBEDU |d 2019-11-19 |i 2737728 |o 864 BEI 1968 |p 2737728 |r 2019-11-19 |w 2019-11-19 |y BK |k LIT | ||